Statistics for Nonsense Words #8

Click here to take the quiz!

General Stats

  • This quiz has been taken 40 times
  • The average score is 8 of 13

Answer Stats

Answer% Correct
Labradorable
79%
Incidentures
76%
Postgradient
73%
Teleportrait
70%
Gourmandarin
67%
Whispersuade
64%
Manifestival
58%
Fragmentions
58%
Pumpkinshasa
55%
Funafutility
52%
Palominotaur
48%
Princesspits
42%
Resolutenist
21%

Score Distribution

Percentile by Number Answered

Percent of People with Each Score

Your Score History

You have not taken this quiz